|
|
|
|
| LEADER |
01259nam a22003012a 4500 |
| 001 |
000376745 |
| 003 |
CZ BrMZK |
| 005 |
20240422135459.0 |
| 007 |
ta |
| 008 |
980107s1971 xr f cze d |
| 015 |
|
|
|a cnb000129048
|
| 035 |
|
|
|a (OCoLC)42154582
|
| 040 |
|
|
|a BOA001
|b cze
|
| 100 |
1 |
|
|a Michal, Stanislav
|7 jk01081427
|
| 245 |
1 |
0 |
|a Perpetuum mobile včera a dnes /
|c Stanislav Michal
|
| 250 |
|
|
|a 1.vyd.
|
| 260 |
|
|
|a Praha :
|b Nakladatelství technické literatury,
|c 1971
|
| 300 |
|
|
|a 185 s.
|
| 490 |
1 |
|
|a Polytechnická knižnice. Řada 1 ;
|v sv. 111
|
| 500 |
|
|
|a Dostupné též v digitální podobě v aplikaci Kramerius
|
| 830 |
|
0 |
|a Polytechnická knižnice (SNTL)
|
| 856 |
4 |
1 |
|u http://www.digitalniknihovna.cz/mzk/uuid/uuid:80a61d40-8d9f-11ed-a61f-005056827e51
|y Digitalizovaný dokument
|x NDK
|
| 910 |
|
|
|a BOA001
|b PK-0062.873
|b 1-0671.957
|b TK-0160.986
|
| 964 |
|
|
|a Perpetuum mobile - dějiny - přehledy
|
| 990 |
|
|
|a BK
|
| 996 |
6 |
|
|b 2619512043
|c 1-0671.957
|l MZK
|r Sklad / do 1 hodiny
|n 2
|w 000376745
|u 000020
|a 1
|e BOA001
|j MZK50
|s P
|
| 996 |
7 |
|
|b 3119813655
|c PK-0062.873
|l MZK
|r Sklad / do 1 hodiny
|n 2
|w 000376745
|u 000010
|a 1
|e BOA001
|j MZK50
|s A
|
| 996 |
6 |
|
|b BC-2495299
|c TK-0160.986
|l MZK
|r Sklad / do 24 hodin
|n 0
|w 000376745
|u 000030
|a 1
|e BOA001
|j MZK50
|s P
|